CONCISE COURSE IN PHARMACEUTICAL QUALITY ASSURANCE (Record no. 12122)
[ view plain ]
| 000 -LEADER | |
|---|---|
| fixed length control field | 00398nam a22001577a 4500 |
| 003 - CONTROL NUMBER IDENTIFIER | |
| control field | OSt |
| 008 - FIXED-LENGTH DATA ELEMENTS--GENERAL INFORMATION | |
| fixed length control field | 231018b |||||||| |||| 00| 0 eng d |
| 020 ## - INTERNATIONAL STANDARD BOOK NUMBER | |
| International Standard Book Number | 9781543342050 |
| 082 ## - DEWEY DECIMAL CLASSIFICATION NUMBER | |
| Classification number | 615.191 PAC |
| 100 ## - MAIN ENTRY--PERSONAL NAME | |
| Personal name | PAUL,SWARNALI |
| 245 ## - TITLE STATEMENT | |
| Title | CONCISE COURSE IN PHARMACEUTICAL QUALITY ASSURANCE |
| 260 ## - PUBLICATION, DISTRIBUTION, ETC. (IMPRINT) | |
| Place of publication, distribution, etc | JALANDER |
| Name of publisher, distributor, etc | S,VIKAS |
| Date of publication, distribution, etc | 2022 |
| 300 ## - PHYSICAL DESCRIPTION | |
| Extent | 284,III |
| 700 ## - ADDED ENTRY--PERSONAL NAME | |
| Personal name | JASWANI,GUJAN |
| 942 ## - ADDED ENTRY ELEMENTS (KOHA) | |
| Source of classification or shelving scheme | Dewey Decimal Classification |
| Koha item type | Text Books |
| Withdrawn status | Lost status | Source of classification or shelving scheme | Damaged status | Not for loan | Collection code | Home library | Current library | Date acquired | Source of acquisition | Currency | Cost, normal purchase price | Bill Number | Total Checkouts | Full call number | Acc. no. / Barcode | Date last seen | Actual Cost, discounted price | Bill Date | Koha item type | Date last borrowed |
|---|---|---|---|---|---|---|---|---|---|---|---|---|---|---|---|---|---|---|---|---|
| Dewey Decimal Classification | B.Pharma | PIET C-LIBRARY | PIET C-LIBRARY | 16/10/2023 | KIRTI PRAKSHAN | RUPEES | 425.00 | IN-1068 | 615.191 PAC | BP2323 | 18/10/2023 | 340.00 | 18/10/2023 | Reference Books | ||||||
| Dewey Decimal Classification | B.Pharma | PIET C-LIBRARY | PIET C-LIBRARY | 16/10/2023 | KIRTI PRAKSHAN | RUPEES | 425.00 | IN-1068 | 10 | 615.191 PAC | BP2324 | 02/01/2026 | 340.00 | 18/10/2023 | Text Books | 23/12/2025 | ||||
| Dewey Decimal Classification | B.Pharma | PIET C-LIBRARY | PIET C-LIBRARY | 16/10/2023 | KIRTI PRAKSHAN | RUPEES | 425.00 | IN-1068 | 5 | 615.191 PAC | BP2325 | 02/02/2026 | 340.00 | 18/10/2023 | Text Books | 12/01/2026 | ||||
| Dewey Decimal Classification | B.Pharma | PIET C-LIBRARY | PIET C-LIBRARY | 16/10/2023 | KIRTI PRAKSHAN | RUPEES | 425.00 | IN-1068 | 10 | 615.191 PAC | BP2326 | 31/01/2026 | 340.00 | 18/10/2023 | Text Books | 21/01/2026 | ||||
| Dewey Decimal Classification | B.Pharma | PIET C-LIBRARY | PIET C-LIBRARY | 16/10/2023 | KIRTI PRAKSHAN | RUPEES | 425.00 | IN-1068 | 8 | 615.191 PAC | BP2327 | 02/02/2026 | 340.00 | 18/10/2023 | Text Books | 12/01/2026 |